000 00937cam a2200337 4500
008 090401t1997 xxu||||| |||| 00| 0 eng d
020 _a0951472526
035 _a(Sirsi) u81051
041 _aeng
050 _a692.509421
100 _aNisbet, James
245 2 _aA proper price: quantity surveying in London 1650 to 1940.
260 _aLondon
_bStoke Publications
_c1997
300 _axi,192p. : ill. ; 21cm.
350 _a0
650 _aBUILDERS RULE
650 _aBUILT ENVIRONMENT-BUILDING CONTRACT FORMS
650 _aCONTRACTOR RULE
650 _aHOUSES OF PARLIAMENT
650 _aINSTITUTE OF QUANTITY SURVEYORS
650 _aLONDON
650 _aPUBLIC SECTOR
650 _aQUANTITIES
650 _aQUANTITY SURVEYORS ASSOCIATION
650 _aQUANTITY SURVEYORS
650 _aRIBA
650 _aSURVEYORS INSTITUTION
690 _aQuantity surveying
_96263
942 _n0
948 _c23/09/1997
999 _c96667
_d96667